| 000 | 00698nam a2200241 a 4500 | ||
|---|---|---|---|
| 008 | |||
| 020 | _a0030208319 | ||
| 049 | _aMAIN | ||
| 090 | _aHB172 | ||
| 100 | 1 | _aNicholson, Walter. | |
| 245 | 1 | 0 |
_aMicroeconomic theory : _bbasic principles and extensions / _cWalter Nicholson. |
| 250 | _a2nd ed. | ||
| 260 |
_aHinsdale, Ill. : _bDryden Press, _c1978. |
||
| 300 |
_axvii, 694 p. : _bill. ; _c25 cm. |
||
| 504 | _aIncludes bibliographical references. | ||
| 500 | _aIncludes index. | ||
| 650 | 0 | _aMicroeconomics. | |
| 907 |
_a.b10035278 _b01-07-03 _c17-04-03 |
||
| 003 | |||
| 005 | 20230123133157.0 | ||
| 040 | _cNUST | ||
| 942 |
_cBOOKS _kHB172 |
||
| 999 |
_c144066 _d144066 |
||